| 000 | 00682nas a2200241 4500 | ||
|---|---|---|---|
| 001 | BR7200079 | ||
| 003 | BR-BrBNA | ||
| 005 | 20231205082345.0 | ||
| 007 | ta | ||
| 008 | 230509b bl.|||p| |||| 00| 00por d | ||
| 040 |
_aBR-BrBNA _bpor _cBiblioteca Nacional de Agricultura |
||
| 041 | _a(Pt) | ||
| 072 | _aQ10 | ||
| 100 | 1 | _aBayma, C. | |
| 245 | 1 | _aA cana na pequena industria, 1: Mel de engenho | |
| 650 | _aCANA DE ACUCAR | ||
| 650 | _aMELADO | ||
| 650 | _aENGENHO | ||
| 650 | _aCOMPOSICAO DE ALIMENTO | ||
| 773 | 0 |
_tBrasil Acucareiro (Brazil) _xISSN 0006-9167 _g(Dec 1972), v. 80(6) p. 11-17 _wBR7200079 |
|
| 909 |
_a202311 _bLúcia _c55 _dLúcia Elande |
||
| 942 |
_2AGRIS _n0 _cANA |
||
| 999 |
_c91146 _d91146 |
||